|
|
|
|
| LEADER |
00000nam0a2200000 4500 |
| 001 |
317804 |
| 005 |
20231102003019.0 |
| 010 |
|
|
|a 9785436507255
|
| 035 |
|
|
|a (RuTPU)RU\TPU\book\343272
|
| 090 |
|
|
|a 317804
|
| 100 |
|
|
|a 20160414d2016 m y0rusy50 ca
|
| 101 |
0 |
|
|a eng
|a rus
|
| 102 |
|
|
|a RU
|
| 105 |
|
|
|a y j 001zy
|
| 200 |
1 |
|
|a Мир бизнеса
|e учебное пособие для аспирантов и магистров
|f В. А. Гайдаренко
|
| 210 |
|
|
|a Москва
|c Русайнс
|d 2016
|
| 215 |
|
|
|a 130 с.
|
| 320 |
|
|
|a Библиогр.: с. 130
|
| 330 |
|
|
|a Настоящее пособие предназначено для магистров и аспирантов, изучающих деловую лексику и фразеологию английского языка, а также для тех, кто изучает английский язык на уровне "upper - intermediate" "advanced" и совершенствует свои навыки устной речи. В пособии затрагиваются актуальные проблемы современного делового мира. Пособие может служить дополнением к курсу "Business English". Автор использует материалы авторитетных изданий британской, американской и российской периодики: "The Moscow Times", "The Moscow News", "The Economist" "The Washington Post". В пособии представлен анализ современных тенденций мировой экономики, таких как «share есопоту» и «collaborative consumption)). Упражнения на перевод, разработанные автором, предназначены для закрепления лексики и фразеологии, вводимой в уроках данного учебного пособия.
|
| 606 |
1 |
|
|a Английский язык
|x Учебные руководства и пособия
|x Учебные руководства и пособия для высшей школы
|2 stltpush
|3 (RuTPU)RU\TPU\subj\29071
|9 52483
|
| 610 |
1 |
|
|a лексика
|
| 610 |
1 |
|
|a грамматика
|
| 610 |
1 |
|
|a разговорная речь
|
| 610 |
1 |
|
|a упражнения
|
| 610 |
1 |
|
|a экономика
|
| 610 |
1 |
|
|a бизнес
|
| 610 |
1 |
|
|a профессиональный английский язык
|
| 610 |
1 |
|
|a предпринимательская деятельность
|
| 686 |
|
|
|a Ш143.21-923
|v LBC/SL-A
|2 rubbk
|
| 700 |
|
1 |
|a Гайдаренко
|b В. А.
|
| 801 |
|
1 |
|a RU
|b 63413507
|c 20160414
|
| 801 |
|
2 |
|a RU
|b 63413507
|c 20161003
|g RCR
|
| 900 |
|
|
|a Английский язык
|
| 942 |
|
|
|c BK
|
| 959 |
|
|
|a 32/20160331
|d 1
|e 490,00
|f ЧЗГЛ:1
|